|
|
|
|
| LEADER |
02084cas a2200253 a 4500 |
| 001 |
AALejournalIMF009136 |
| 008 |
230101c9999 xx r poo 0 0eng d |
| 020 |
|
|
|c 5.00 USD
|
| 020 |
|
|
|z 9781451850680
|
| 022 |
|
|
|a 1018-5941
|
| 040 |
|
|
|a BD-DhAAL
|c BD-DhAAL
|
| 100 |
1 |
|
|a Alesina, Alberto.
|
| 245 |
1 |
4 |
|a The Political Economy of Budget Deficits /
|c Alberto Alesina, Roberto Perotti.
|
| 264 |
|
1 |
|a Washington, D.C. :
|b International Monetary Fund,
|c 1994.
|
| 300 |
|
|
|a 1 online resource (48 pages)
|
| 490 |
1 |
|
|a IMF Working Papers
|
| 500 |
|
|
|a <strong>Off-Campus Access:</strong> No User ID or Password Required
|
| 500 |
|
|
|a <strong>On-Campus Access:</strong> No User ID or Password Required
|
| 506 |
|
|
|a Electronic access restricted to authorized BRAC University faculty, staff and students
|
| 520 |
3 |
|
|a This paper provides a critical survey of the literature on politico-institutional determinants of the government budget. We organize our discussion around two questions: Why did certain OECD countries, but not others, accumulate large public debts? Why did these fiscal imbalances appear in the last 20 years rather than before? We begin by discussing the 'tax smoothing' model and conclude that this approach alone cannot provide complete answers to these questions. We will then proceed to a discussion of political economy models, which we organize in six groups: (i) models based upon opportunistic policymakers and naive voters with 'fiscal illusion;' (ii) models of intergenerational redistributions; (iii) models of debt as a strategic variable, linking the current government with the next one; (iv) models of coalition governments; (v) models of geographically dispersed interests; and (vi) models emphasizing the effects of budgetary institutions. We conclude by briefly discussing policy implications.
|
| 538 |
|
|
|a Mode of access: Internet
|
| 700 |
1 |
|
|a Perotti, Roberto.
|
| 830 |
|
0 |
|a IMF Working Papers; Working Paper ;
|v No. 1994/085
|
| 856 |
4 |
0 |
|z Full text available on IMF
|u http://elibrary.imf.org/view/journals/001/1994/085/001.1994.issue-085-en.xml
|z IMF e-Library
|